[Event "GM/IM 2015 Chess House"]
[Site "?"]
[Date "2015.02.09"]
[Round "4.6"]
[White "Fries Nielsen, Jens Ove"]
[Black "Schou-Moldt, Thomas"]
[Result "1-0"]
[LiveChessVersion "1.4.2"]
[BlackElo "2195"]
[WhiteElo "2433"]

1. e4 {[%clk 1:29:26]} g6 {[%clk 1:23:05]} 2. Bc4 {[%clk 1:29:09]} Nf6
{[%clk 1:23:14]} 3. e5 {[%clk 1:27:23]} d5 {[%clk 1:23:40]} 4. Bb3
{[%clk 1:27:44]} Nfd7 {[%clk 1:24:01]} 5. d4 {[%clk 1:27:39]} c5 {[%clk 1:23:33]}
6. c3 {[%clk 1:27:46]} e6 {[%clk 1:22:48]} 7. h4 {[%clk 1:27:43]} Qa5
{[%clk 1:19:56]} 8. Bd2 {[%clk 1:24:08]} Qb6 {[%clk 1:20:15]} 9. Bc1
{[%clk 1:22:54]} Nc6 {[%clk 1:12:04]} 10. Nf3 {[%clk 1:22:27]} Qa5
{[%clk 1:09:42]} 11. Kf1 {[%clk 1:20:39]} h5 {[%clk 1:05:04]} 12. Ng5
{[%clk 1:18:33]} Be7 {[%clk 0:57:13]} 13. Bc2 {[%clk 1:14:42]} Nf8
{[%clk 0:55:00]} 14. Rh3 {[%clk 1:12:46]} Bd7 {[%clk 0:46:48]} 15. Rf3
{[%clk 1:07:43]} Bxg5 {[%clk 0:46:49]} 16. Bxg5 {[%clk 1:07:36]} cxd4
{[%clk 0:46:37]} 17. cxd4 {[%clk 1:07:10]} Qb5+ {[%clk 0:46:28]} 18. Kg1
{[%clk 1:04:30]} Qxb2 {[%clk 0:40:18]} 19. Nc3 {[%clk 1:04:35]} Nxd4
{[%clk 0:36:09]} 20. Rb1 {[%clk 0:51:48]} Qxc2 {[%clk 0:31:04]} 21. Qxd4
{[%clk 0:52:05]} Nh7 {[%clk 0:31:22]} 22. Bh6 {[%clk 0:45:19]} g5
{[%clk 0:18:58]} 23. hxg5 {[%clk 0:44:56]} Rc8 {[%clk 0:16:16]} 24. Qf4
{[%clk 0:34:58]} f6 {[%clk 0:00:56]} 25. Rc1 {[%clk 0:32:45]} Qg6
{[%clk 0:01:10]} 26. exf6 {[%clk 0:32:35]} Kf7 {[%clk 0:01:09]} 27. Qd6
{[%clk 0:31:49]} Rhd8 {[%clk 0:01:35]} 28. Qe7+ {[%clk 0:32:02]} Kg8
{[%clk 0:02:02]} 29. f7+ {[%clk 0:32:07]} Kh8 {[%clk 0:02:31]} 30. Qd6
{[%clk 0:30:00]} Nf8 {[%clk 0:01:59]} 31. Qe5+ {[%clk 0:30:13]} Kh7
{[%clk 0:02:17]} 32. Rf6 {[%clk 0:30:06]} Qd3 {[%clk 0:01:30]} 33. Bxf8
{[%clk 0:30:23]} Rxf8 {[%clk 0:01:41]} 34. Rh6# {[%clk 0:30:51]} 1-0